On the role of the verb phrase in English sentence structures (through contrastive analysis with Vietnamese)
This thesis presents the role of the verb phrase in English sentence structures through contrastive analysis with Vietnamese.
שמור ב:
| מחבר ראשי: | |
|---|---|
| מחברים אחרים: | |
| פורמט: | ספר |
| שפה: | English |
| יצא לאור: |
Hà Nội :
Đại học Ngoại ngữ Hà Nội,
1998.
|
| נושאים: | |
| תגים: |
הוספת תג
אין תגיות, היה/י הראשונ/ה לתייג את הרשומה!
|
| Thư viện lưu trữ: | Mạng thư viện Đại học Đà Nẵng |
|---|
| LEADER | 01289cmm a2200385 i 4500 | ||
|---|---|---|---|
| 001 | 000049820 | ||
| 003 | 9954 | ||
| 005 | 20030919073011.0 | ||
| 008 | 010423b1998 vm 000 eng | ||
| 040 | |a IRC |c IRC |d IRC | ||
| 041 | 0 | |a eng | |
| 082 | 1 | 4 | |a 425 |b TR-P |
| 100 | 1 | |a Trần Hữu Phúc. | |
| 245 | 0 | 3 | |a On the role of the verb phrase in English sentence structures (through contrastive analysis with Vietnamese) |h [Thesis - Luận văn] / |c Trần Hữu Phúc ; Supervisor : Trần Hữu Mạnh. |
| 260 | |a Hà Nội : |b Đại học Ngoại ngữ Hà Nội, |c 1998. | ||
| 300 | |a 98p. ; |c 29cm. | ||
| 520 | 3 | |a This thesis presents the role of the verb phrase in English sentence structures through contrastive analysis with Vietnamese. | |
| 630 | 0 | 4 | |a Anh ngữ. |
| 630 | 0 | 4 | |a Grammar. |
| 630 | 0 | 4 | |a Verb phrase. |
| 630 | 0 | 4 | |a English thesis. |
| 630 | 0 | 4 | |a Luận văn Anh ngữ. |
| 630 | 0 | 4 | |a English Sentence structures. |
| 650 | 0 | 4 | |a English linguistics |x Grammar. |
| 700 | 1 | |a Trần Hữu Mạnh, |c Assoc.prof.Dr., |e supervisor. | |
| OWN | |a DUT | ||
| 999 | |a From the UDN01 | ||
| TYP | |a Computer file | ||
| TYP | |a Monograph | ||
| 980 | |a Mạng thư viện Đại học Đà Nẵng | ||